000 00391nam a2200145Ia 4500
005 20260328104335.0
008 260328s9999||||xx |||||||||||||| ||und||
100 _aEcheverry, Diego
245 0 _aVivienda Social, antecedentes y propuestas de Desarrollo progreso /
_cDiego Echeverry
250 _a1a ed.
260 _bMetrovivienda
300 _a108 p.
650 _aVIVIENDA
942 _cBK
999 _c11877
_d11877